Comportamiento de cubiertas planas horizontales impermeabilizadas mediante membranas de láminas asfálticas prefabricadas en el municipio especial

Trata del comportamiento de cubiertas planas horizontales impermeabilizadas mediante membranas de láminas asfálticas prefabricadas en el municipio especial.

保存先:
書誌詳細
第一著者: Rodríguez Matienzo, José Maria
団体著者: e-libro, Corp
その他の著者: Tejera Garófalo, Pedro (デイレクター)
フォーマット: eBook
言語:スペイン語
出版事項: La Habana : Instituto Superior Politécnico José Antonio Echeverría. CUJAE, 2010.
主題:
オンライン・アクセス:https://elibro.unach.elogim.com/es/lc/unach/titulos/85968
タグ: タグ追加
タグなし, このレコードへの初めてのタグを付けませんか!

MARC

LEADER 00000nam a2200000 a 4500
001 ELB85968
003 FlNmELB
006 m o d |
007 cr cn|||||||||
008 201201r2010 cu |||||s|||||||||||spa d
024 8 |z 71208065610 
035 |a (MiAaPQ)EBC3202366 
035 |a (Au-PeEL)EBL3202366 
035 |a (CaPaEBR)ebr10609342 
035 |a (OCoLC)929378724 
040 |a FlNmELB  |b spa  |c FlNmELB 
050 4 |a NA1  |b R6961 2010 
080 |a 72 
082 0 4 |a 720  |2 22 
100 1 |a Rodríguez Matienzo, José Maria. 
245 1 0 |a Comportamiento de cubiertas planas horizontales impermeabilizadas mediante membranas de láminas asfálticas prefabricadas en el municipio especial  |h [recurso electronico]  |c José María Rodríguez Matienzo. 
260 |a La Habana :  |b Instituto Superior Politécnico José Antonio Echeverría. CUJAE,  |c 2010. 
300 |a 204 p. 
500 |a Tesis (maestría) - Instituto Superior Politécnico José Antonio Echeverría CUJAE. 
520 |a Trata del comportamiento de cubiertas planas horizontales impermeabilizadas mediante membranas de láminas asfálticas prefabricadas en el municipio especial. 
533 |a Recurso electrónico. Santa Fe, Arg.: e-libro, 2015. Disponible vía World Wide Web. El acceso puede estar limitado para las bibliotecas afiliadas a e-libro. 
650 4 |a Technology.  |x Construction.  |x General. 
650 4 |a Tecnología.  |x Construcción.  |x General. 
655 4 |a Libros electrónicos. 
700 1 |a Tejera Garófalo, Pedro.  |4 drt 
710 2 |a e-libro, Corp. 
856 4 0 |u https://elibro.unach.elogim.com/es/lc/unach/titulos/85968